000 00807nam a22002657a 4500
001 BR8502272
003 BR-BrBNA
005 20230928092145.0
007 ta
008 230509b bl.||||| |||| 00| 0 por d
040 _aBR-BrBNA
_bpor
_cBiblioteca Nacional de Agricultura
041 _a(Por)
072 _aJ11
_b/G514
090 _ J11 BR8502272
110 1 _aCompanhia Paranaense de Silos e Armazens, Curitiba (Brasil)
_92485
245 1 _aPrograma de armazenagem comunitaria destinado aos pequenos produtores rurais no estado do Parana [Brasil]
260 3 _aCuritiba, PR (Brasil):
_c[nd].
300 _a19 p.
500 _aPublished after 1984; 4 tables
650 _aARMAZENAMENTO
650 _aPRODUCAO VEGETAL
650 _aPARANA
909 _a202309
_bLucia
_c55
_dLucia Elande
942 _cBK
999 _c37430
_d37430